Super Mario's Other Games by Pic - Statistics

General Stats
  • This quiz has been taken 25 times
  • The average score is 12 of 16
Answer Stats
Picture Answer % Correct
Mario Kart
100%
Mario Golf
95%
Mario Party
95%
Mario Tennis
95%
Super Mario Strikers
95%
Donkey Kong
91%
Dr. Mario
91%
Mario Super Sluggers
91%
Paper Mario
86%
Super Mario RPG
77%
Punch-Out!
73%
Mario + Rabbids
68%
Mario Paint
50%
Mario's Picross
41%
Mario's Time Machine
41%
Mario Teaches Typing
41%
No matching quizzes found
Score Distribution
Percent of People with Each Score
Percentile by Number Answered
Your Score History
You have not taken this quiz